000 00851nam a2200193Ia 4500
001 21005
003 GE_BSU
008 181216s||||||||xx |||||||||||||| ||und||
040 _cGE_BSU
245 _aხელისუფლება და საზოგადოება.#4(32) ტ.1. 2014.
245 _bსამეცნიერო ჟურნალი.ისტორია,თეორია,პრაქტიკა.
245 _cმთ.რედ:შოთა დოღონაძე.
260 _aთბილისი
260 _c2014
300 _a221გვ. 20სმ.
653 _aსამეცნიერო ჟურნალი.ისტორია,თეორია,პრაქტიკა.
653 _aხელისუფლება და საზოგადოება.#4(32) ტ.1. 2014.
942 _cCR
999 _c53954
_d53954